Name the K-Pop Idol based on their last name (NMIXX) - Statistics

General Stats
  • This quiz has been taken 152 times
  • The average score is 6 of 7
Answer Stats
Hint Answer % Correct
Morrow Lily
99%
Oh Haewon
98%
Kim Jiwoo
88%
Jang Kyujin
83%
Choi Jinni
78%
Seol Sullyoon
72%
Bae Jinsol
59%
No matching quizzes found
Score Distribution
Percent of People with Each Score
Percentile by Number Answered
Your Score History
You have not taken this quiz